000 00578ntaaa2200205 4500
003 01
005 20251027202829.0
008 0714s1973 ag 01
040 _aAR-BaBN
_bspa
_cAR-BaBN
_eaacr
_dRIC
082 _a922.0000 C16
100 _aCanclini, Agustina de
_928895
245 _aJuan C Varetto
250 _a1 ed.
260 _aBuenos Aires :
_bEditorial Evangélica Bautista,
_cc1955
300 _a267 p
500 _aBiografía de Juan C Varetto escrita por una de las hijas
650 _abiografía-Varetto
_928896
650 _aVaretto, Juan C
_928897
942 _cBK
999 _c23692
_d23692